Normal view
MARC view
Entry Personal Name
001 - CONTROL NUMBER
- control field: 534590
003 - CONTROL NUMBER IDENTIFIER
- control field: OSt
005 - DATE AND TIME OF LATEST TRANSACTION
- control field: 20220930074727.0
008 - FIXED-LENGTH DATA ELEMENTS
- fixed length control field: 220930|| aca||aabn | a|a d
040 ## - CATALOGING SOURCE
- Original cataloging agency: OSt
- Transcribing agency: OSt
100 ## - HEADING--PERSONAL NAME
- Personal name: Prof. N A Faruqi Gu
670 ## - SOURCE DATA FOUND
- Source citation: Work cat.: (OSt)866972: Abdul Haq 169372, Masahemati Jamiat-al-Hind-al shumalia fildarasat-al-arabic minzal istaqlal (1947), 1985
